000 00501nam a2200181Ia 4500
003 GCL
008 140319s9999 xx 000 0 ara d
040 _aGCL /
_cGCL
082 0 4 _a810.9
_bس ط
100 1 _aسامح كريم
245 1 0 _aطه حسين : حياته واعماله /
_cسامح كريم
300 _a48 ص
490 _aالهيئة العامة للاستعلامات
_v0
650 0 4 _aالتراجم
650 0 4 _aالادباء
650 0 4 _aطه حسين
942 _2ddc
_cBK
999 _c47172
_d47172